40 Famous People from Croatia - Statistics

General Stats
  • This quiz has been taken 221 times
    16 since last reset
  • The average score is 15 of 40
Answer Stats
Hint Answer % Correct
Footballer who won the Golden Ball award at the 2018 FIFA World Cup Luka Modrić
87%
Footballer who won the Golden Boot award at the 1998 FIFA World Cup Davor Šuker
80%
Yugoslav communist statesman, serving in various roles from 1943 until his death in 1980 Josip Broz Tito
80%
Politician who governed the Independent State of Croatia during WWII Ante Pavelić
60%
First President of Croatia who served from 1990 until his death in 1999 Franjo Tuđman
60%
Four-time Olympic gold medallist and one of the greatest female ski racers of all time Janica Kostelić
60%
President of Croatia since 2020 Zoran Milanović
60%
Basketball star who died in a car accident, at the age of 28. Dražen Petrović
53%
Tennis player who won the men's singles title at Wimbledon as a wildcard in 1995 Goran Ivanišević
53%
First female President of Croatia Kolinda Grabar-Kitarović
53%
Stage name of Mirko Filipović, heavyweight kickboxer and MMA fighter Mirko Cro Cop
53%
Coach who led Croatia to FIFA World Cup silver and bronze in 2018 and 2022 Zlatko Dalić
53%
Female high jumper and two-time world champion with her personal best of 2.08 m Blanka Vlašić
47%
Pop star and former lead singer of Magazin Jelena Rozga
47%
Lieutenant field marshal and the Ban of Croatia from 1848 until 1859 Josip Jelačić
47%
The first King of Croatia (925 AD) King Tomislav
47%
Male tennis player who won US Open in 2014 Marin Čilić
47%
President of Croatia from 2000 to 2010 Stjepan Mesić
40%
Basketball player who won three NBA titles with Chicago Bulls Toni Kukoč
40%
Former Boston Celtics player who was inducted into the Basketball Hall of Fame Dino Rađa
33%
Singer who has represented Yugoslavia (1986) and Croatia (1999) in the Eurosong Doris Dragović
33%
Sculptor who created The Bowman and the Spearman in Chicago Ivan Meštrović
33%
Voted as the best handball player in history in organized by the IHF Ivano Balić
33%
Musical star from Dalmatia with a discography that spanned nearly five decades Oliver Dragojević
33%
Astronomer from Ragusa who discovered the absence of atmosphere on the Moon Ruđer Bošković
33%
Female discus thrower, multiple Olympic, World and European champion Sandra Perković
33%
Singer whose last name is Vučković and who represented Croatia at the 2006 Eurosong Severina
33%
Stage name of singer Zlatan Stipišić Gibonni
20%
Poet from the Republic of Ragusa whose famous works are Osman and Dubravka Ivan Gundulić
20%
Singer who was the vocalist of the group Golden Chords during the 1960s. Josipa Lisac
20%
Great Croatian writer of the 20th century and the author of Messrs. Glembay Miroslav Krleža
20%
Film producer best who won the Oscar for Best Picture for Schindler's List and Gladiator Branko Lustig
13%
Actor best known for his roles as Dr. Luka Kovač in ER and Garcia Flynn in Timeless Goran Višnjić
13%
Poet, politician and Ban of Kingdom of Croatia-Slavonia between 1873 and 1880 Ivan Mažuranić
13%
Actor who played in X-Men: First Class, The Saint, Mission: Impossible 2 and Snatch Rade Šerbedžija
13%
20th century poet whose real first name was Augustin Tin Ujević
13%
Sculptor who created the Peace monument in front of the UN building in New York Antun Augustinčić
7%
Tennis player who won the women's singles title at the French Open in 1997 Iva Majoli
7%
Actress who starred as Ambassador Delenn in Babylon 5 and Danielle Rousseau in Lost Mira Furlan
7%
Female singer renowned for her wide vocal range and operatic style Tereza Kesovija
7%
No matching quizzes found
Score Distribution
Percent of People with Each Score
Percentile by Number Answered
Your Score History
You have not taken this quiz since the last reset